000 01095naa a22003017a 4500
001 BR7806611
003 BR-BrBNA
005 20240918174238.0
007 ta
008 230509b bl.||||| |||| 00| 0 por d
040 _aBR-BrBNA
_bpor
_cBiblioteca Nacional de Agricultura
041 _a(Pt)
072 _aF25
_b2120
_b3810
090 _aF25 BR7806611
100 1 _aGarcia, A.W.R.
100 1 _aSilva, J.B.S.
100 1 _aAlmeida, S.R.
100 1 _aMartins, M.
111 1 _a6. Congresso Brasileiro de Pesquisas Cafeeiras
_cRibeirao Preto, SP (Brazil)
_d24 Oct 1978
245 1 _aFontes e modo de aplicacao de potassio para o cafeeiro em formacao
260 3 _aRio de Janeiro, RJ (Brasil):
_c1978.
500 _aResumos do 6. Congresso Brasileiro de Pesquisas Cafeeiras Rio de Janeiro, RJ (Brasil): 1978. p. 261-262 (BR7806611-AM)F25
650 _aCAFE
650 _aPOTASSIO
773 0 _tResumos do 6. Congresso Brasileiro de Pesquisas Cafeeiras
_wF25 BR7806611
_gRio de Janeiro, RJ (Brasil), 1978. p. 261-262
909 _a202404
_bLucia
_c55
_dLucia Elande
942 _cAM
_2AGRIS
999 _c309843
_d309843